=LDR 00000nam 2200000 4500 =001 INLIS000000000023352 =005 20130612122027 =008 ***********************************Ind** =035 ##$$0010-061300000023352 =041 ##$$a Ind =082 ##$$a 2X6.2 =090 ##$$a 2X6.2, Hus i =100 ##$$a Husnaeni, Adian =245 ##$$a Islam libral, Adian husnaeni =260 ##$$a 2002 $b Jakarta =300 ##$$a 234 hlm, 21 cm =650 ##$$a Libralisme =850 ##$$a NBPNMAT